000 00303nam a22001337a 4500
008 170508b xxu||||| |||| 00| 0 eng d
020 _a9781599410357
041 _aeng
080 _28TH
_a342
100 _a15
101 _aSHJ
245 _aTORT LAW AND ALTERNATIVES
_cFRANKLIN, M.A
942 _2udc
_cBK
999 _c12983
_d12983